000 00540nam a2200193Ia 4500
999 _c3698
_d3698
003 OSt
005 20200821141102.0
008 190216s9999||||xx |||||||||||||| ||und||
020 _a9788126513918
040 _coclc
082 _a547.28
_bODI/P
100 _aOdian, George
_94277
245 0 _aPrinciples Of Polymerization /
_cGeorge Odian
250 _a4th Ed.
260 _bWiley Student Edition,
_c2012.
_aNew Delhi:
300 _a812p
650 _aChemistry
942 _cBK
_2ddc
_h547.28
_iODI/P
_k547.28
_mODI/P